Normal view MARC view
  • Sperber, Dan

Entry Nombre Personal

Number of records used in: 1

001 - NUMERO DE CONTROL

  • campo de control: 50595

003 - IDENTIFICADOR DE NUMERO DE CONTROL

  • campo de control: UPN

005 - FECHA Y HORA DE LA ÜLTIMA TRANSACCIÓN

  • campo de control: 20240305101042.0

008 - DATOS DE LONGITUD FIJA

  • campo de control de longitud fija: 231113|| acz||aabn | a|a d

040 ## - FUENTE DE CATALOGACIÓN

  • Agencia original de catalogación: MX-MxUPN

100 1# - ENCABEZAMIENTO - NOMBRE PERSONAL

  • Nombre personal: Sperber, Dan

370 ## - LUGAR ASOCIADO

  • Place of birth: Francia

372 ## - CAMPO DE ACTIVIDAD

  • Field of activity: Antropología, lingüística y ciencias cognitivas

374 ## - OCUPACIÓN

  • Occupation: Antropólogo

670 ## - FUENTE EN LA QUE SE LOCALIZARON DATOS

  • Cita de la fuente: En recurso en línea: Alteridades. No. 1 (1991):
  • Información localizada: página 111 (Dan Sperber)
  • Uniform Resource Identifier: https://alteridades.izt.uam.mx/index.php/Alte/article/view/690/929

902 ## - CATALOGADOR

  • Catalogador: RGJD/131123